<?xml version="1.0" encoding="UTF-8"?><?xml-stylesheet type="text/xsl" href="static/style.xsl"?><OAI-PMH xmlns="http://www.openarchives.org/OAI/2.0/" xmlns:xsi="http://www.w3.org/2001/XMLSchema-instance" xsi:schemaLocation="http://www.openarchives.org/OAI/2.0/ http://www.openarchives.org/OAI/2.0/OAI-PMH.xsd"><responseDate>2026-04-13T07:13:01Z</responseDate><request verb="GetRecord" identifier="oai:www.recercat.cat:2072/454373" metadataPrefix="marc">https://recercat.cat/oai/request</request><GetRecord><record><header><identifier>oai:recercat.cat:2072/454373</identifier><datestamp>2024-10-29T17:01:19Z</datestamp><setSpec>com_2072_98</setSpec><setSpec>col_2072_378196</setSpec></header><metadata><record xmlns="http://www.loc.gov/MARC21/slim" xmlns:dcterms="http://purl.org/dc/terms/" xmlns:xsi="http://www.w3.org/2001/XMLSchema-instance" xmlns:doc="http://www.lyncode.com/xoai" xsi:schemaLocation="http://www.loc.gov/MARC21/slim http://www.loc.gov/standards/marcxml/schema/MARC21slim.xsd">
   <leader>00925njm 22002777a 4500</leader>
   <datafield ind2=" " ind1=" " tag="042">
      <subfield code="a">dc</subfield>
   </datafield>
   <datafield ind2=" " ind1=" " tag="720">
      <subfield code="a">Xie, Minyu</subfield>
      <subfield code="e">author</subfield>
   </datafield>
   <datafield ind2=" " ind1=" " tag="720">
      <subfield code="a">Universitat Autònoma de Barcelona. Facultat de Ciències de l'Educació</subfield>
      <subfield code="e">author</subfield>
   </datafield>
   <datafield ind2=" " ind1=" " tag="260">
      <subfield code="c">2023</subfield>
   </datafield>
   <datafield ind2=" " ind1=" " tag="520">
      <subfield code="a">Este trabajo pretende indagar cómo el profesorado proporciona el andamiaje a los niños para que se desarrolle el aprendizaje telecolaborativo. Los datos son proporcionados por la Dra. Melinda Dooly, miembro e investigadora principal del grupo de investigación GREIP, y recogidos durante un proyecto de telecolaboración entre dos escuelas, una en España y otra en Austria. Abordando los datos principalmente desde un análisis de la conversación multimodal, esta investigación observa los desafíos encontrados en la interacción del aprendizaje telecolaborativo y el andamiaje que brinda el profesorado a medida que se desarrolla este proceso, utilizando las grabaciones audiovisuales de la clase, y también valora si debería ser más común para los profesores de lenguas. Los resultados demuestran que las estrategias como directivas e instrucciones complementadas con el andamiaje no verbal como gestos, miradas y acciones corporales son muy eficaces para el aprendizaje telecolaborativo. Y el aprendizaje telecolaborativo ofrece un nuevo modelo para la enseñanza y aprendizaje de lenguas, lo que favorece tanto al alumnado como al profesorado.</subfield>
   </datafield>
   <datafield ind1="8" ind2=" " tag="024">
      <subfield code="a">http://hdl.handle.net/2072/454373</subfield>
   </datafield>
   <datafield tag="653" ind2=" " ind1=" ">
      <subfield code="a">Telecolaboración</subfield>
   </datafield>
   <datafield tag="653" ind2=" " ind1=" ">
      <subfield code="a">Socioconstructivismo</subfield>
   </datafield>
   <datafield tag="653" ind2=" " ind1=" ">
      <subfield code="a">Andamiaje</subfield>
   </datafield>
   <datafield tag="653" ind2=" " ind1=" ">
      <subfield code="a">Análisis de la conversación multimodal (ACM)</subfield>
   </datafield>
   <datafield ind2="0" ind1="0" tag="245">
      <subfield code="a">¿Cómo el profesorado proporciona el andamiaje a los niños para que se desarrolle el aprendizaje telecolaborativo?</subfield>
   </datafield>
</record></metadata></record></GetRecord></OAI-PMH>